| 000 | nam a22 a 4500 | ||
|---|---|---|---|
| 999 |
_c417679 _d417679 |
||
| 003 | BLK | ||
| 005 | 20210603105418.0 | ||
| 008 | 210204b bu ||||| |||| 00| 0 bu d | ||
| 040 | _aBLK | ||
| 041 |
_aRUS _cRUS |
||
| 080 |
_aМашинни елементи. Механизми. Предавки (механични). Подемно-транспортно оборудване. Свързващи средства. Смазки _b621.8 _z621.8(081) |
||
| 080 |
_aТеория на машините и механизмите. Общи въпроси на техническата механика. Приложна механика _b531.8 _z531.8(081) |
||
| 100 |
_9452918 _aЧебышев, Пафнутий Львович _eпърви автор |
||
| 139 | _aЧебышев, Пафнутий Львович | ||
| 245 |
_aПолное собрание сочинений _cП. Л. Чебышев ; [ред. кол.: С. Н. Бернштейн (отв. ред.) и др.]. _nТ. 4. _pТеория механизмов |
||
| 257 | _aRUS | ||
| 260 |
_9219305 _aМосква ; Ленинград _bАкад. наук СССР _c[1944 -] |
||
| 300 | _c26 см | ||
| 380 | _a5 | ||
| 650 | 0 |
_9318208 _aМеханизми - теория |
|
| 653 | 0 |
_9452924 _aПафнутий Чебишев |
|
| 653 | 0 |
_9443269 _aсъчинения |
|
| 700 |
_9747 _aБернштейн, Сергей Натанович _eотв. ред. |
||
| 760 |
_aЧебышев, Пафнутий Львович _b1948 _h256 с., 1 л. портр. _oТ. 4. _tТеория механизмов |
||
| 852 |
_aЦб 5.260.40309 _bО |
||
| 852 |
_aЦб 6.260.40309 _bО |
||
| 942 |
_cKNG _n0 _s1 |
||
| 944 |
_aCR _c2021-06-03 _kКети |
||